| 000 | 00338nam a2200109Ia 4500 | ||
|---|---|---|---|
| 008 | 230907s9999||||xx |||||||||||||| ||und|| | ||
| 082 |
_a338.6048094 _bNEW |
||
| 245 | 0 | _aNew developments in UK and EU competition policy / | |
| 260 |
_aEdward Elgar, _bCheltenham, Glos, UK ; | Northampton, MA : _c2007 |
||
| 300 | _axi, 296 p. ; | ||
| 942 | _cBK | ||
| 999 |
_c600157 _d600157 |
||